000 00663nam a2200217Ii 4500
003 JO-AjNU
008 230605s9999||||xx |||||||||||||| ||und||
040 _aJO-AjNU
_bara
_erda
_cJO-AjNU
041 _aara
050 1 4 _aBF698.B35 2002
100 3 _aبكار، عبد الكريم,
_eauthor
_922530
245 0 0 _aاكتشاف الذات: دليل التميز الشخصي
250 _aط2
264 3 1 _aعمان: دار الاعلام، 2002
300 _a163ص
336 _atext
_btxt
_2rdacontent
337 _aunmediated
_bn
_2rdamedia
338 _avolume
_bnc
_2rdacarrier
490 0 _aتنمية الشخصية1
650 4 _aالشخصية
_922531
999 _aA8013
_c11581
_d11581